Statistics for Skillet - Sick of It (All Lyrics)

Click here to take the quiz!

General Stats

  • This quiz has been taken 26 times
    (22 since last reset)
  • The average score is 367 of 407

Answer Stats

% Correct
I
100%
If
100%
It
100%
Of
100%
Sick
100%
You
100%
Your
100%
You’re
100%
A
92%
Are
92%
Death
85%
Enough
85%
Get
85%
Had
85%
Hands
85%
Have
85%
Never
85%
Raise
85%
Take
85%
To
85%
Answer
77%
Away
77%
Better
77%
Blacker
77%
Bored
77%
But
77%
Can
77%
Chance
77%
Control
77%
Do
77%
Don’t
77%
Empty
77%
Every
77%
Everything
77%
Fail
77%
Fighting
77%
Getting
77%
Got
77%
Has
77%
Inside
77%
Is
77%
It’s
77%
Like
77%
Made
77%
Make
77%
Matter
77%
Maze
77%
No
77%
Now
77%
One
77%
Or
77%
Over
77%
Promise
77%
Rat
77%
Regret
77%
Reminder
77%
Rid
77%
Seem
77%
Stand
77%
There’s
77%
This
77%
Time
77%
Try
77%
Use
77%
When
77%
While
77%
World
77%
Break
69%
For
69%
Gonna
69%
I’m
69%
Me
69%
Out
69%
Own
69%
Running
69%
Tired
69%
Chase
62%
Day
62%
Feeling
62%
Fix
62%
My
62%
Single
62%
Tail
62%

Score Distribution

Percentile by Number Answered

Percent of People with Each Score

Your Score History

You have not taken this quiz since the last reset